[Event "European Senior Team Championship 2014"]
[Site "Sibenik"]
[Date "2014.04.08"]
[Round "8.1"]
[White "Hurme, Harri"]
[Black "Rogulj, Branko"]
[Result "1-0"]
[WhiteElo "2150"]
[BlackElo "2421"]
[PlyCount "113"]
[EventDate "2014.04.01"]

1. d4 Nf6 2. c4 g6 3. Nc3 d5 4. Nf3 Bg7 5. Qb3 dxc4 6. Qxc4 O-O 7. e4 c6 8. e5
Nd5 9. Be2 Nb6 10. Qb3 Be6 11. Qd1 f6 12. exf6 exf6 13. O-O N8d7 14. Re1 Re8
15. h3 Qc7 16. Bf1 Bf7 17. g3 Rxe1 18. Nxe1 Nd5 19. Nxd5 Bxd5 20. Nd3 Nb6 21.
b3 Rd8 22. Nc5 Bf8 23. a4 Nc8 24. Qc2 Qf7 25. Rb1 Nd6 26. Bd3 f5 27. Bf4 Ne8
28. a5 Bd6 29. Be5 a6 30. Bc4 Bxc5 31. dxc5 Qe7 32. Ba1 Kf7 33. Qc3 Qe4 34.
Bxd5+ cxd5 35. Re1 d4 36. Qb4 Qd5 37. c6 bxc6 38. Re7+ Kg8 39. Bxd4 c5 40. Qxc5
Qxc5 41. Bxc5 Nf6 42. Ra7 Ne4 43. Bb6 Rd3 44. Rxa6 Rxb3 45. Ra8+ Kf7 46. Ra7+
Ke6 47. Rxh7 g5 48. Rh6+ Kd7 49. a6 Ra3 50. a7 Nd6 51. Bc5 Ra1+ 52. Kg2 Ne8 53.
Rg6 f4 54. Rxg5 fxg3 55. fxg3 Nc7 56. Rg8 Kc6 57. Bf2 1-0

[Event "European Senior Team Championship 2014"]
[Site "Sibenik"]
[Date "2014.04.08"]
[Round "8.1"]
[White "Sale, Srdjan"]
[Black "Morant, Paul"]
[Result "1-0"]
[WhiteElo "2402"]
[BlackElo "2149"]
[PlyCount "95"]
[EventDate "2014.04.01"]

1. e4 c5 2. a3 Nc6 3. b4 e5 4. Bc4 Nf6 5. d3 cxb4 6. Nf3 Be7 7. O-O O-O 8. axb4
Bxb4 9. Bg5 Be7 10. Nc3 d6 11. Qb1 Rb8 12. Be3 Nd7 13. Bxa7 Nxa7 14. Rxa7 Nc5
15. Nd5 Bg5 16. Qb6 Qxb6 17. Nxb6 Bh6 18. h3 g6 19. Bd5 Rd8 20. Rb1 Be6 21. Rb5
Bxd5 22. Nxd5 Bf8 23. Nd2 Rdc8 24. Nb6 Rc7 25. Ndc4 f5 26. Nd5 Rf7 27. f3 fxe4
28. fxe4 Rc8 29. Rb1 Rb8 30. g3 Rd8 31. Kg2 Bh6 32. Rf1 Rxf1 33. Kxf1 Bg7 34.
Ke2 h5 35. Ra5 Kh7 36. Rb5 Bf8 37. Na5 Kg7 38. Nb3 Rd7 39. Nxc5 dxc5 40. Ne3
Kf6 41. Nc4 Bd6 42. Na5 h4 43. g4 Kg5 44. Rxb7 Bc7 45. Nc4 Kf4 46. Kf2 Rf7 47.
Ne3 c4 48. Rxc7 1-0

[Event "European Senior Team Championship 2014"]
[Site "Sibenik"]
[Date "2014.04.08"]
[Round "8.2"]
[White "Dvoirys, Semen I"]
[Black "Stebbings, Anthony J"]
[Result "1-0"]
[WhiteElo "2560"]
[BlackElo "2302"]
[PlyCount "89"]
[EventDate "2014.04.01"]

1. e4 c5 2. Nf3 e6 3. d4 cxd4 4. Nxd4 Nc6 5. Nc3 Qc7 6. Be3 a6 7. Bd3 Nf6 8.
O-O Nxd4 9. Bxd4 Bc5 10. Bxc5 Qxc5 11. Kh1 d6 12. f4 e5 13. fxe5 Qxe5 14. Qe1
Be6 15. Rf3 O-O 16. Qh4 h6 17. Raf1 Qg5 18. Qxg5 hxg5 19. Rg3 g4 20. Be2 Rac8
21. Kg1 Rfe8 22. Rd1 Rc6 23. Rd4 Kf8 24. Rb4 Bc8 25. Kf2 Re5 26. Rd3 g6 27. Bd1
Ke7 28. a4 Kd8 29. Rbd4 Ke7 30. Nd5+ Nxd5 31. exd5 Rc5 32. b4 Rc7 33. c4 f5 34.
a5 Kd8 35. h3 gxh3 36. Rxh3 Rg7 37. Rh8+ Kc7 38. b5 Ree7 39. c5 axb5 40. cxd6+
Kxd6 41. Rxc8 Rc7 42. Rxc7 Rxc7 43. Be2 Kc5 44. Rd1 Rd7 45. Rc1+ 1-0

[Event "European Senior Team Championship 2014"]
[Site "Sibenik"]
[Date "2014.04.08"]
[Round "8.2"]
[White "Quinn, John M"]
[Black "Gleizerov, Evgeny"]
[Result "0-1"]
[WhiteElo "2135"]
[BlackElo "2531"]
[PlyCount "86"]
[EventDate "2014.04.01"]

1. Nf3 e6 2. c4 f5 3. g3 Nf6 4. Bg2 Be7 5. O-O O-O 6. d4 d5 7. b3 b6 8. Bb2 Bb7
9. Ne5 Nbd7 10. Nd2 c5 11. Ndf3 Ne4 12. Nxd7 Qxd7 13. Ne5 Qe8 14. f3 Nf6 15.
Qc2 Rc8 16. cxd5 Nxd5 17. Qd2 f4 18. gxf4 Nxf4 19. e3 Nxg2 20. Qxg2 Bf6 21.
Rad1 cxd4 22. Bxd4 Qh5 23. Ng4 Bxd4 24. Rxd4 Bxf3 25. Qg3 Bxg4 26. Rxf8+ Rxf8
27. Rxg4 g6 28. h3 Qf5 29. Rf4 Qb1+ 30. Kf2 Qxa2+ 31. Kf3 Qa3 32. Rxf8+ Qxf8+
33. Kg2 Qd8 34. e4 Qd2+ 35. Kh1 Qc1+ 36. Kh2 Qb2+ 37. Kh1 e5 38. Qg4 Qxb3 39.
Qc8+ Kg7 40. Qc7+ Kh6 41. Qxe5 Qxh3+ 42. Kg1 Qh5 43. Qe8 Qc5+ 0-1

[Event "European Senior Team Championship 2014"]
[Site "Sibenik"]
[Date "2014.04.08"]
[Round "8.2"]
[White "Gavrilov, Alexei"]
[Black "Scholes, James E"]
[Result "1-0"]
[WhiteElo "2466"]
[BlackElo "2103"]
[PlyCount "81"]
[EventDate "2014.04.01"]

1. d4 d5 2. c4 e6 3. Nc3 Be7 4. Nf3 Nf6 5. cxd5 exd5 6. Qc2 Nbd7 7. Bg5 c6 8.
e3 O-O 9. Bd3 h6 10. Bh4 Re8 11. O-O Ne4 12. Bxe7 Qxe7 13. b4 Qxb4 14. Nxe4
dxe4 15. Bxe4 Qe7 16. Bh7+ Kh8 17. Bf5 Nf6 18. Rab1 Bxf5 19. Qxf5 Ne4 20. Rfc1
g6 21. Qf4 Kg7 22. h4 Rad8 23. Ne5 Nd6 24. a4 f6 25. Nd3 Qe4 26. Qxe4 Rxe4 27.
Nc5 Re7 28. a5 Kf7 29. Rb3 a6 30. Rb6 Ra8 31. Rcb1 Ra7 32. d5 Nc4 33. Nxb7 cxd5
34. Nd8+ Kg7 35. Nc6 Rad7 36. Nxe7 Rxe7 37. Rxa6 Kf7 38. Ra8 Ke6 39. a6 Kf5 40.
a7 Rc7 41. Ra1 1-0

[Event "European Senior Team Championship 2014"]
[Site "Sibenik"]
[Date "2014.04.08"]
[Round "8.2"]
[White "Bowmer, Kevin"]
[Black "Balashov, Yuri S"]
[Result "0-1"]
[WhiteElo "2083"]
[BlackElo "2446"]
[PlyCount "62"]
[EventDate "2014.04.01"]

1. e4 e5 2. Nf3 Nc6 3. Bb5 a6 4. Ba4 Nf6 5. O-O Be7 6. Re1 b5 7. Bb3 d6 8. c3
O-O 9. d4 Bg4 10. d5 Na5 11. Bc2 Qc8 12. Nbd2 c6 13. b4 Nc4 14. Nxc4 bxc4 15.
dxc6 Qxc6 16. a4 Qb7 17. Qe2 Rac8 18. h3 Bd7 19. Bg5 Be6 20. Rad1 Rfe8 21. a5
Red8 22. g4 h6 23. Bh4 Nh7 24. Bxe7 Qxe7 25. Kh2 Nf8 26. Rd2 Ng6 27. Red1 Nf4
28. Qe3 h5 29. Kg3 hxg4 30. hxg4 Bxg4 31. Kxg4 Qe6+ 0-1

[Event "European Senior Team Championship 2014"]
[Site "Sibenik"]
[Date "2014.04.08"]
[Round "8.3"]
[White "Ftacnik, Lubomir"]
[Black "Kurajica, Bojan"]
[Result "1-0"]
[WhiteElo "2563"]
[BlackElo "2506"]
[PlyCount "117"]
[EventDate "2014.04.01"]

1. Nf3 Nf6 2. c4 e6 3. Nc3 Bb4 4. Qc2 O-O 5. a3 Bxc3 6. Qxc3 d6 7. b4 e5 8. Bb2
a5 9. g3 axb4 10. axb4 Rxa1+ 11. Bxa1 b5 12. cxb5 Qd7 13. Bg2 Nd5 14. Qb2 Bb7
15. e4 Nb6 16. d4 f6 17. Qe2 c6 18. bxc6 Qxc6 19. Qa2+ Qc4 20. Qxc4+ Nxc4 21.
Nd2 Na3 22. O-O Rc8 23. dxe5 dxe5 24. Nb3 Na6 25. Na5 Ba8 26. Bb2 Nb5 27. Rb1
Nxb4 28. Bxe5 fxe5 29. Rxb4 Nd4 30. h4 Rc1+ 31. Kh2 Kf7 32. Nc4 Nc6 33. Ra4 Ke7
34. f4 Bb7 35. Nxe5 Nxe5 36. fxe5 Ke6 37. Ra5 Rc2 38. Kg1 Rc1+ 39. Kf2 Rc2+ 40.
Kf3 Bxe4+ 41. Kxe4 Rxg2 42. Ra6+ Kf7 43. Ra7+ Kf8 44. Kf4 Rf2+ 45. Kg5 Rf1 46.
g4 Rf2 47. h5 Rf1 48. h6 gxh6+ 49. Kxh6 Re1 50. Rxh7 Rxe5 51. Rh8+ Kf7 52. g5
Re6+ 53. Kh7 Re7 54. Ra8 Ke6+ 55. Kh6 Rb7 56. g6 Rb1 57. Ra6+ Kf5 58. Kh7 Rh1+
59. Kg8 1-0

[Event "European Senior Team Championship 2014"]
[Site "Sibenik"]
[Date "2014.04.08"]
[Round "8.3"]
[White "Dizdarevic, Emir"]
[Black "Stohl, Igor"]
[Result "1/2-1/2"]
[WhiteElo "2503"]
[BlackElo "2516"]
[PlyCount "75"]
[EventDate "2014.04.01"]

1. Nf3 Nf6 2. c4 b6 3. d4 e6 4. g3 Ba6 5. Qc2 Bb7 6. Bg2 c5 7. dxc5 bxc5 8. O-O
Be7 9. Nc3 O-O 10. Rd1 d6 11. Bf4 Qb6 12. Qb3 Rd8 13. Rd2 Qxb3 14. axb3 Nc6 15.
Ne1 Rd7 16. Be3 Ne5 17. Nd3 Nxd3 18. Rxd3 a6 19. b4 Bxg2 20. Kxg2 cxb4 21. Na4
Rc7 22. Nb6 Rb8 23. Rxa6 h6 24. b3 Rcb7 25. f3 Ne8 26. Na4 Nc7 27. Rc6 g5 28.
g4 d5 29. c5 e5 30. Rxh6 d4 31. Bd2 Ne6 32. h4 gxh4 33. Rh5 f6 34. Rxh4 Nxc5
35. Nxc5 Bxc5 36. Rh5 Rh7 37. Rf5 Kg7 38. Be1 1/2-1/2

[Event "European Senior Team Championship 2014"]
[Site "Sibenik"]
[Date "2014.04.08"]
[Round "8.3"]
[White "Plachetka, Jan"]
[Black "Vukic, Milan"]
[Result "1-0"]
[WhiteElo "2360"]
[BlackElo "2386"]
[PlyCount "73"]
[EventDate "2014.04.01"]

1. e4 c5 2. Nf3 e6 3. b3 Nc6 4. Bb2 a6 5. Be2 Nf6 6. Nc3 d6 7. d4 cxd4 8. Nxd4
Bd7 9. O-O Qc7 10. Re1 Be7 11. Nxc6 Bxc6 12. Qd3 O-O 13. Qg3 b5 14. Bd3 g6 15.
Re3 Nh5 16. Qg4 e5 17. Rd1 Bd7 18. Qf3 Be6 19. Ree1 Nf4 20. Bf1 b4 21. Ne2
Nxe2+ 22. Rxe2 a5 23. c4 bxc3 24. Qxc3 Qxc3 25. Bxc3 a4 26. b4 Rfc8 27. Be1 a3
28. Rb1 f5 29. f3 fxe4 30. fxe4 Bc4 31. Rd2 Bxf1 32. Kxf1 Rc4 33. b5 Rb8 34.
Bf2 Rb7 35. b6 Kf7 36. Rd3 Ra4 37. Rbb3 1-0

[Event "European Senior Team Championship 2014"]
[Site "Sibenik"]
[Date "2014.04.08"]
[Round "8.3"]
[White "Osmanovic, Kemal"]
[Black "Petran, Peter"]
[Result "0-1"]
[WhiteElo "2292"]
[BlackElo "2316"]
[PlyCount "92"]
[EventDate "2014.04.01"]

1. d4 g6 2. Nf3 Bg7 3. g3 d6 4. Bg2 f5 5. O-O c6 6. b3 Nh6 7. Bb2 Nf7 8. Nbd2
O-O 9. e4 e5 10. dxe5 dxe5 11. Nc4 Qc7 12. a4 Be6 13. Qe2 f4 14. gxf4 exf4 15.
Bxg7 Kxg7 16. Nd4 Qe7 17. Rfe1 Bxc4 18. Qxc4 Ne5 19. Qe6 Re8 20. Qxe7+ Rxe7 21.
f3 a5 22. Kf2 Na6 23. Rad1 Nc5 24. Rd2 Kf6 25. Bh3 Rd8 26. Red1 Nf7 27. Ne2
Rxd2 28. Rxd2 Ke5 29. Nc1 h5 30. c3 g5 31. Nd3+ Nxd3+ 32. Rxd3 Nd6 33. Ke2 Rg7
34. c4 g4 35. Bg2 gxf3+ 36. Bxf3 h4 37. Kf2 Nxe4+ 38. Bxe4 Kxe4 39. Rh3 Rd7 40.
Ke2 Rh7 41. Kf2 c5 42. Ke2 Rh6 43. Ke1 Rd6 44. Rxh4 Rd3 45. Rh8 Rxb3 46. h4 Rh3
0-1

[Event "European Senior Team Championship 2014"]
[Site "Sibenik"]
[Date "2014.04.08"]
[Round "8.5"]
[White "Pushkov, Nikolai"]
[Black "Geenen, Marc"]
[Result "1/2-1/2"]
[WhiteElo "2345"]
[BlackElo "2240"]
[PlyCount "36"]
[EventDate "2014.04.01"]

1. Nf3 Nf6 2. g3 g6 3. b3 Bg7 4. Bb2 O-O 5. Bg2 d6 6. d4 c5 7. O-O cxd4 8. Nxd4
d5 9. Na3 e5 10. Nf3 e4 11. Nd4 e3 12. f3 Qe7 13. c4 Rd8 14. Qc2 Nc6 15. Nxc6
bxc6 16. Rad1 d4 17. Qc1 c5 18. Nc2 a5 1/2-1/2

[Event "European Senior Team Championship 2014"]
[Site "Sibenik"]
[Date "2014.04.08"]
[Round "8.5"]
[White "Bolzoni, Victor-Angel"]
[Black "Mishuchkov, Nikolai M"]
[Result "1/2-1/2"]
[WhiteElo "2207"]
[BlackElo "2312"]
[PlyCount "44"]
[EventDate "2014.04.01"]

1. e4 c5 2. Nf3 e6 3. d4 cxd4 4. Nxd4 Nc6 5. Nc3 Qc7 6. g3 a6 7. Bg2 Nf6 8. O-O
Be7 9. Be3 d6 10. Nxc6 bxc6 11. f4 Rb8 12. Rb1 O-O 13. g4 d5 14. g5 Nxe4 15.
Nxe4 dxe4 16. Bxe4 f5 17. Bd3 c5 18. Qe2 Rb6 19. h4 Bb7 20. Bc4 Qc6 21. Kh2 Rd8
22. Rf2 Qe4 1/2-1/2

[Event "European Senior Team Championship 2014"]
[Site "Sibenik"]
[Date "2014.04.08"]
[Round "8.5"]
[White "Chernikov, Oleg L"]
[Black "Schrickx, Frank"]
[Result "1-0"]
[WhiteElo "2372"]
[BlackElo "1889"]
[PlyCount "45"]
[EventDate "2014.04.01"]

1. d4 d5 2. c4 dxc4 3. Nf3 Nf6 4. e3 a6 5. a4 Bf5 6. Bxc4 e6 7. Qb3 Qc8 8. O-O
Nbd7 9. Nc3 Be7 10. Re1 Bg6 11. e4 c6 12. Bg5 b5 13. axb5 axb5 14. Rxa8 Qxa8
15. Bd3 h6 16. Bh4 Qd8 17. Bb1 O-O 18. e5 Nd5 19. Nxd5 Bxh4 20. Bxg6 exd5 21.
Bb1 Re8 22. Qc2 Nf8 23. Qxc6 1-0

[Event "European Senior Team Championship 2014"]
[Site "Sibenik"]
[Date "2014.04.08"]
[Round "8.6"]
[White "Giulian, Philip M"]
[Black "Wallner, Joachim"]
[Result "1/2-1/2"]
[WhiteElo "2193"]
[BlackElo "2361"]
[PlyCount "23"]
[EventDate "2014.04.01"]

1. d4 d5 2. c4 c6 3. cxd5 cxd5 4. Bf4 Nc6 5. e3 Nf6 6. Nc3 a6 7. Bd3 Bg4 8.
Nge2 e6 9. Rc1 Be7 10. O-O O-O 11. Na4 Rc8 12. f3 1/2-1/2

[Event "European Senior Team Championship 2014"]
[Site "Sibenik"]
[Date "2014.04.08"]
[Round "8.6"]
[White "Thoma, Robert"]
[Black "Robertson, Ian C"]
[Result "1/2-1/2"]
[WhiteElo "2342"]
[BlackElo "2161"]
[PlyCount "36"]
[EventDate "2014.04.01"]

1. e4 e6 2. d4 d5 3. Nd2 h6 4. Ngf3 dxe4 5. Nxe4 Nd7 6. Bd3 Ngf6 7. O-O Nxe4 8.
Bxe4 c5 9. c4 Nf6 10. Bc2 cxd4 11. Qxd4 Qxd4 12. Nxd4 a6 13. h3 Bd7 14. Be3 Rc8
15. b3 Bc5 16. Rfd1 O-O 17. Bd3 Rfd8 18. Be2 e5 1/2-1/2

[Event "European Senior Team Championship 2014"]
[Site "Sibenik"]
[Date "2014.04.08"]
[Round "8.6"]
[White "Scrimgour, Alan"]
[Black "Danner, Georg"]
[Result "1/2-1/2"]
[WhiteElo "2016"]
[BlackElo "2336"]
[PlyCount "36"]
[EventDate "2014.04.01"]

1. e4 c5 2. c3 Nf6 3. e5 Nd5 4. d4 cxd4 5. cxd4 d6 6. Nf3 Nc6 7. Bc4 Nb6 8. Bb5
dxe5 9. Nxe5 Bd7 10. Nxd7 Qxd7 11. Nc3 e6 12. O-O Rd8 13. Be3 Be7 14. Qg4 O-O
15. Rfd1 Nd5 16. Bh6 Bf6 17. Ne4 Qe7 18. Bxc6 bxc6 1/2-1/2

[Event "European Senior Team Championship 2014"]
[Site "Sibenik"]
[Date "2014.04.08"]
[Round "8.7"]
[White "Karlsson, Lars"]
[Black "Malmdin, Nils-Ake"]
[Result "1/2-1/2"]
[WhiteElo "2408"]
[BlackElo "2175"]
[PlyCount "81"]
[EventDate "2014.04.01"]

1. Nf3 g6 2. g3 Bg7 3. Bg2 d5 4. O-O Nf6 5. c4 dxc4 6. Na3 Be6 7. Qa4+ Qd7 8.
Qxd7+ Nbxd7 9. Ng5 Bd5 10. Bxd5 Nxd5 11. Nxc4 h6 12. Nf3 b5 13. Na5 c5 14. Rb1
O-O 15. b3 Rfc8 16. Bb2 e5 17. d3 Rab8 18. a3 Rb6 19. Rfc1 Ra6 20. b4 Re8 21.
Nb7 cxb4 22. axb4 Nxb4 23. Nc5 Nxc5 24. Rxc5 Nc6 25. Rxb5 e4 26. dxe4 Rxe4 27.
e3 Bxb2 28. R1xb2 Ra1+ 29. Kg2 a5 30. Rc2 Re6 31. Rb6 Nb4 32. Rc8+ Kg7 33. Rxe6
fxe6 34. Ne5 Ra2 35. Rc7+ Kg8 36. Rc8+ Kg7 37. Rc7+ Kg8 38. e4 a4 39. Rc8+ Kg7
40. Rc7+ Kg8 41. Rc8+ 1/2-1/2

[Event "European Senior Team Championship 2014"]
[Site "Sibenik"]
[Date "2014.04.08"]
[Round "8.7"]
[White "Petersson, Gosta"]
[Black "Wahlbom, Magnus"]
[Result "1/2-1/2"]
[WhiteElo "2158"]
[BlackElo "2291"]
[PlyCount "57"]
[EventDate "2014.04.01"]

1. c4 Nf6 2. Nc3 d5 3. cxd5 Nxd5 4. d4 g6 5. Nf3 Bg7 6. e3 O-O 7. Be2 c5 8. O-O
Nc6 9. Qb3 Nxc3 10. bxc3 Qc7 11. Ba3 b6 12. dxc5 Be6 13. cxb6 axb6 14. Qb2 Qa7
15. Bb4 Nxb4 16. Qxb4 Qa3 17. Qxa3 Rxa3 18. Nd4 Rxa2 19. Nxe6 Rxa1 20. Rxa1
fxe6 21. Rb1 Rb8 22. c4 Be5 23. Rb5 Bd6 24. g3 Bc5 25. Kg2 Ra8 26. Rb2 Kf7 27.
h4 Ra1 28. h5 Rc1 29. hxg6+ 1/2-1/2

[Event "European Senior Team Championship 2014"]
[Site "Sibenik"]
[Date "2014.04.08"]
[Round "8.7"]
[White "Bergstrom, Rolf"]
[Black "Nyberg, Ulf"]
[Result "1/2-1/2"]
[WhiteElo "2285"]
[BlackElo "2141"]
[PlyCount "66"]
[EventDate "2014.04.01"]

1. e4 e5 2. Nc3 Nf6 3. Nf3 Nc6 4. Bb5 d6 5. d4 Bd7 6. dxe5 dxe5 7. Bg5 Bb4 8.
Qd3 Bxc3+ 9. Qxc3 Nxe4 10. Bxd8 Nxc3 11. Bxc6 Bxc6 12. Bxc7 Nd5 13. Bxe5 f6 14.
Bg3 Kf7 15. O-O Rac8 16. c4 Nb4 17. Nd4 Bd7 18. b3 a6 19. Rfd1 Rhd8 20. f3 Nc6
21. Nc2 Be6 22. Kf2 Ke7 23. Ne3 Nb4 24. a3 Nd3+ 25. Ke2 Ne5 26. Bxe5 fxe5 27.
Rxd8 Rxd8 28. b4 Rd4 29. Rc1 Rh4 30. h3 Kd6 31. c5+ Kc6 32. Rd1 Rd4 33. Rd3 a5
1/2-1/2

[Event "European Senior Team Championship 2014"]
[Site "Sibenik"]
[Date "2014.04.08"]
[Round "8.7"]
[White "Nordstrom, Felix"]
[Black "Hammar, Bengt"]
[Result "0-1"]
[WhiteElo "2125"]
[BlackElo "2232"]
[PlyCount "106"]
[EventDate "2014.04.01"]

1. e4 c5 2. Nf3 d6 3. d4 cxd4 4. Nxd4 Nf6 5. f3 a6 6. c4 e6 7. Nc3 b6 8. Be2
Bb7 9. O-O Be7 10. Be3 Nbd7 11. Rc1 Rc8 12. Qd2 Qc7 13. Rfd1 Qb8 14. b4 O-O 15.
a3 Rfe8 16. Kh1 Bd8 17. Bg1 Ne5 18. Na4 d5 19. cxd5 exd5 20. exd5 Rxc1 21. Rxc1
Nxd5 22. Nc3 Nxc3 23. Rxc3 Bf6 24. Rc2 Rd8 25. Qf4 Qa8 26. Nf5 Ng6 27. Qc1 Bc8
28. Nd6 Be6 29. Ne4 Bd4 30. Bxd4 Rxd4 31. Rd2 Rxd2 32. Qxd2 a5 33. bxa5 bxa5
34. g3 Bd5 35. Qd4 Bxe4 36. Qxe4 Qxe4 37. fxe4 Kf8 38. Kg2 Ke7 39. Kf3 Kd6 40.
Ke3 Kc5 41. Kd3 Ne5+ 42. Kc3 f6 43. Bd3 g5 44. h3 h6 45. Be2 Nc6 46. Bc4 Nd4
47. Kd3 Ne2 48. Bf7 Nxg3 49. Ke3 h5 50. Kf3 h4 51. e5 fxe5 52. Kg4 e4 53. Bg6
Kd4 0-1

[Event "European Senior Team Championship 2014"]
[Site "Sibenik"]
[Date "2014.04.08"]
[Round "8.8"]
[White "Woeber, Friedrich"]
[Black "Kristiansen, Jens"]
[Result "0-1"]
[WhiteElo "2178"]
[BlackElo "2412"]
[PlyCount "46"]
[EventDate "2014.04.01"]

1. e4 g6 2. d4 Bg7 3. Nc3 d6 4. f4 Nf6 5. Nf3 O-O 6. Bd3 Nc6 7. e5 dxe5 8. dxe5
Nd5 9. Nxd5 Qxd5 10. Qe2 Bg4 11. Be4 Qa5+ 12. Bd2 Qb6 13. c3 Qxb2 14. Rb1 Qxa2
15. Rxb7 Na5 16. Rxc7 Rad8 17. Rxa7 f5 18. Rxa5 Qxa5 19. Bb1 Qb6 20. Ba2+ Kh8
21. Be3 Qa5 22. O-O Bxf3 23. Qxf3 Qxa2 0-1

[Event "European Senior Team Championship 2014"]
[Site "Sibenik"]
[Date "2014.04.08"]
[Round "8.8"]
[White "Brinck-Claussen, Bjorn"]
[Black "Ernst, Michael"]
[Result "0-1"]
[WhiteElo "2240"]
[BlackElo "2170"]
[PlyCount "47"]
[EventDate "2014.04.01"]

1. c4 e6 2. Nc3 d5 3. d4 Bb4 4. e3 Nf6 5. Bd3 O-O 6. Nf3 Nc6 7. O-O a6 8. a3
dxc4 9. Bxc4 Bd6 10. Qc2 e5 11. h3 Qe7 12. Bd3 h6 13. b4 Re8 14. d5 Na7 15. e4
Bd7 16. Be3 c6 17. Bc4 c5 18. bxc5 Bxc5 19. Nd1 Rac8 20. Qd3 Nb5 21. a4 Nd6 22.
Nd2 Bb4 23. f3 Bxd2 24. Bxd2 0-1

[Event "European Senior Team Championship 2014"]
[Site "Sibenik"]
[Date "2014.04.08"]
[Round "8.8"]
[White "Winiwarter, Felix"]
[Black "Sorensen, Bent"]
[Result "1-0"]
[WhiteElo "2136"]
[BlackElo "2262"]
[PlyCount "65"]
[EventDate "2014.04.01"]

1. e4 d5 2. exd5 Qxd5 3. Nc3 Qd6 4. d4 Nf6 5. Nf3 a6 6. Be2 Bg4 7. Be3 Nc6 8.
Qd2 O-O-O 9. Rd1 e6 10. O-O h6 11. a3 Be7 12. b4 Nd5 13. Ne4 Qd7 14. c4 Nxe3
15. fxe3 f5 16. Nc5 Bxc5 17. bxc5 Qe7 18. Qb2 Nb8 19. c6 Nxc6 20. Rb1 Kd7 21.
d5 exd5 22. cxd5 Bxf3 23. Rxf3 Ne5 24. Rxf5 Rhe8 25. Rxe5 Qxe5 26. Bg4+ Kd6 27.
Qb4+ Kxd5 28. Rd1+ Kc6 29. Rc1+ Kd5 30. Qc4+ Kd6 31. Qxc7+ Kd5 32. Rc5+ Ke4 33.
Rxe5+ 1-0

[Event "European Senior Team Championship 2014"]
[Site "Sibenik"]
[Date "2014.04.08"]
[Round "8.8"]
[White "Grabow, Pouelsten Holm"]
[Black "Danner, Lambert"]
[Result "1/2-1/2"]
[WhiteElo "2131"]
[BlackElo "2101"]
[PlyCount "98"]
[EventDate "2014.04.01"]

1. d4 f5 2. Nf3 d6 3. c4 Nf6 4. Nc3 g6 5. g3 Bg7 6. Bg2 O-O 7. O-O Na6 8. Rb1
c6 9. d5 c5 10. a3 Bd7 11. e4 Nxe4 12. Nxe4 fxe4 13. Ng5 Nc7 14. Bxe4 Bf5 15.
Qe2 Qd7 16. Bd2 Rae8 17. Rbe1 Bxe4 18. Qxe4 Qf5 19. b3 h6 20. Qxf5 Rxf5 21. Ne4
Rf3 22. Be3 g5 23. Kg2 Rff8 24. Re2 Kh7 25. f3 Kg6 26. Rfe1 b6 27. Bd2 Be5 28.
b4 Bd4 29. f4 g4 30. h3 h5 31. Ng5 Bf6 32. h4 Rc8 33. bxc5 dxc5 34. a4 Rfd8 35.
Rf1 Rd7 36. f5+ Kg7 37. Ne6+ Nxe6 38. fxe6 Rdd8 39. Ref2 Kg6 40. Rxf6+ exf6 41.
Bf4 Re8 42. Re1 Kg7 43. d6 Rcd8 44. Kf2 Kg6 45. Re3 Kf5 46. e7 Rd7 47. Ke2 Kg6
48. Kd3 Kf7 49. Ke4 Ke6 1/2-1/2

[Event "European Senior Team Championship 2014"]
[Site "Sibenik"]
[Date "2014.04.08"]
[Round "8.9"]
[White "Huelsmann, Josef"]
[Black "Baumbach, Friedrich"]
[Result "1-0"]
[WhiteElo "2168"]
[BlackElo "2231"]
[PlyCount "129"]
[EventDate "2014.04.01"]

1. d4 d5 2. Nf3 Nf6 3. c4 e6 4. g3 Be7 5. Bg2 O-O 6. O-O c5 7. dxc5 Na6 8. cxd5
Nxd5 9. c6 bxc6 10. a3 Nc5 11. Qc2 a5 12. e4 Nf6 13. Nc3 Ba6 14. Re1 Bd3 15.
Qd1 Ncxe4 16. Ne5 Nxc3 17. bxc3 Bb5 18. a4 Qxd1 19. Rxd1 Ba6 20. Nxc6 Bc5 21.
Be3 Bxe3 22. fxe3 Nd5 23. Bxd5 exd5 24. Rxd5 Rfe8 25. Kf2 Bb7 26. Rd6 Ra6 27.
Ne7+ Kf8 28. Rxa6 Bxa6 29. Nd5 Rd8 30. e4 f5 31. Ke3 Re8 32. Kd4 Rxe4+ 33. Kc5
Rc4+ 34. Kb6 Bc8 35. Kb5 Re4 36. Kxa5 Bb7 37. Nb4 Rc4 38. Rc1 Ke7 39. Kb5 Re4
40. Kb6 Bc8 41. Nc6+ Kf6 42. Nd4 Re7 43. a5 Rb7+ 44. Kc6 Ra7 45. Ra1 g5 46. Nb5
Ra6+ 47. Kc7 Ra8 48. Nd6 Ba6 49. Kb6 Be2 50. a6 f4 51. a7 Bf3 52. gxf4 gxf4 53.
Rf1 Bd5 54. Rxf4+ Ke5 55. Rd4 Rg8 56. Nc4+ Ke6 57. Rh4 h5 58. Na5 Bf3 59. Nc6
Bh1 60. Rxh5 Rc8 61. Rh6+ Kd7 62. Ne5+ Ke7 63. c4 Rg8 64. c5 Rg1 65. Nc6+ 1-0

[Event "European Senior Team Championship 2014"]
[Site "Sibenik"]
[Date "2014.04.08"]
[Round "8.9"]
[White "Siegmund, Rainer"]
[Black "Haselhorst, Helmut"]
[Result "1/2-1/2"]
[WhiteElo "2148"]
[BlackElo "2079"]
[PlyCount "34"]
[EventDate "2014.04.01"]

1. d4 d5 2. c4 c6 3. Nf3 Nf6 4. Nc3 e6 5. e3 Nbd7 6. Qc2 Bd6 7. Bd3 O-O 8. O-O
e5 9. cxd5 cxd5 10. Nb5 Bb8 11. dxe5 Nxe5 12. Be2 Bg4 13. Nbd4 Re8 14. b3 a6
15. Bb2 Qd6 16. g3 Nxf3+ 17. Bxf3 Bh3 1/2-1/2

[Event "European Senior Team Championship 2014"]
[Site "Sibenik"]
[Date "2014.04.08"]
[Round "8.9"]
[White "Weisshaupt, Rainer"]
[Black "Fleuch, Hans-Juergen"]
[Result "1/2-1/2"]
[WhiteElo "2154"]
[BlackElo "2064"]
[PlyCount "30"]
[EventDate "2014.04.01"]

1. d4 Nc6 2. Nf3 d5 3. e3 Nf6 4. c4 e6 5. Nc3 Bb4 6. a3 Bxc3+ 7. bxc3 O-O 8.
Qc2 b6 9. cxd5 exd5 10. Bd3 Bg4 11. Ne5 Nxe5 12. dxe5 Nd7 13. Bxh7+ Kh8 14. Bf5
Nxe5 15. Bxg4 Nxg4 1/2-1/2

[Event "European Senior Team Championship 2014"]
[Site "Sibenik"]
[Date "2014.04.08"]
[Round "8.9"]
[White "Franke, Roland"]
[Black "Kurka, Dieter"]
[Result "1/2-1/2"]
[WhiteElo "2012"]
[BlackElo "2028"]
[PlyCount "23"]
[EventDate "2014.04.01"]

1. b4 e5 2. Bb2 Bxb4 3. Bxe5 Nf6 4. e3 O-O 5. Be2 d5 6. Nf3 c5 7. O-O Nc6 8.
Bb2 d4 9. c3 d3 10. Bxd3 Qxd3 11. cxb4 cxb4 12. Ne1 1/2-1/2

[Event "European Senior Team Championship 2014"]
[Site "Sibenik"]
[Date "2014.04.08"]
[Round "8.10"]
[White "Opl, Klaus"]
[Black "Morris, Charles F"]
[Result "1/2-1/2"]
[WhiteElo "2283"]
[BlackElo "2142"]
[PlyCount "89"]
[EventDate "2014.04.01"]

1. d4 e6 2. e4 d5 3. Nd2 Nf6 4. e5 Nfd7 5. Bd3 c5 6. c3 Nc6 7. Ne2 cxd4 8. cxd4
f6 9. exf6 Nxf6 10. O-O Bd6 11. Nf3 Qc7 12. Bg5 O-O 13. Rc1 Nh5 14. Nc3 a6 15.
g3 g6 16. Bh6 Rf6 17. Re1 Ng7 18. Bg5 Rf8 19. Bf1 Nf5 20. Bg2 Qg7 21. Be3 Bd7
22. Na4 Bb4 23. Re2 Nxe3 24. Rxe3 Rf6 25. a3 Bd6 26. Nc5 Bxc5 27. Rxc5 Raf8 28.
b3 g5 29. Rc2 Rf5 30. Rce2 Qf6 31. Qd2 h6 32. Ne5 Nxe5 33. Rxe5 Qg6 34. Rxf5
Qxf5 35. Qc2 Qf6 36. Qc7 Bb5 37. Rd2 Rf7 38. Qb6 Qf5 39. h3 Qb1+ 40. Kh2 Qc1
41. Ra2 Qb1 42. Rd2 Qc1 43. Ra2 Qb1 44. Rd2 Qc1 45. Ra2 1/2-1/2